[Event "Bydgoszcz U18 op 12th"]
[Site "Bydgoszcz"]
[Date "2013.05.03"]
[Round "4.1"]
[White "Kroczka, Gromoslaw"]
[Black "Budnik, Mateusz"]
[Result "1-0"]
[WhiteElo "1684"]
[BlackElo "1787"]
[PlyCount "57"]
[EventDate "2013.05.02"]
[EventType "swiss"]
[EventRounds "9"]
[EventCountry "POL"]
[SourceTitle "EXT 2023"]
[Source "ChessBase"]
[SourceDate "2022.10.05"]
[SourceVersion "1"]
[SourceVersionDate "2022.10.05"]
[SourceQuality "1"]

1. e4 d5 2. exd5 Qxd5 3. Nf3 Nc6 4. d4 Bf5 5. c4 Qd7 6. a3 0-0-0 7. d5 e6 8. Nc3 exd5 9. cxd5 Qe8+ 10. Be3 Nf6 11. Bb5 Qe7 12. Bxc6 bxc6 13. 0-0 Nxd5 14. Nxd5 Rxd5 15. Qa4 Qe6 16. Nd4 Qe4 17. Qa6+ Kd7 18. Qxc6+ Kd8 19. Nxf5 Qxf5 20. Rad1 Rd6 21. Qa8+ Qc8 22. Qxa7 Be7 23. Bf4 Rxd1 24. Rxd1+ Ke8 25. Qxc7 Qxc7 26. Bxc7 f5 27. h4 Kf7 28. Bb6 Ra8 29. h5 1-0

[Event "Bydgoszcz U18 op 30th"]
[Site "Bydgoszcz"]
[Date "2013.01.14"]
[Round "4.2"]
[White "Kroczka, Gromoslaw"]
[Black "Budnik, Mateusz"]
[Result "1-0"]
[WhiteElo "1638"]
[BlackElo "1698"]
[PlyCount "93"]
[EventDate "2013.01.14"]
[EventType "swiss"]
[EventRounds "9"]
[EventCountry "POL"]
[SourceTitle "EXT 2023"]
[Source "ChessBase"]
[SourceDate "2022.10.05"]
[SourceVersion "1"]
[SourceVersionDate "2022.10.05"]
[SourceQuality "1"]

1. e4 c5 2. Nf3 Nc6 3. d4 cxd4 4. Nxd4 g6 5. Nc3 Bg7 6. Be3 d6 7. f3 Nf6 8. Qd2 0-0 9. 0-0-0 Bd7 10. g4 a6 11. h4 h5 12. gxh5 Nxh5 13. Be2 Rc8 14. Kb1 Ne5 15. Bh6 Nc4 16. Bxc4 Rxc4 17. Bxg7 Kxg7 18. f4 f5 19. e5 dxe5 20. fxe5 Qb6 21. Nd5 Qxd4 22. Qxd4 Rxd4 23. Rxd4 Bc6 24. Rg1 Bxd5 25. Rxd5 f4 26. Rd3 Ng3 27. Rf3 Ne2 28. Rgf1 Rf5 29. c3 Rxe5 30. Kc2 Ng3 31. R1f2 Nh5 32. Kd3 Re1 33. Re2 Rxe2 34. Kxe2 Kf6 35. Rd3 Kf5 36. Rd7 e5 37. Rxb7 Kg4 38. c4 Ng3+ 39. Ke1 e4 40. c5 e3 41. c6 f3 42. Rf7 f2+ 43. Rxf2 exf2+ 44. Kxf2 Ne4+ 45. Kg2 Nd6 46. h5 gxh5 47. b4 1-0

[Event "POL-chT3 Kujawsko Pomorskie 1213"]
[Site "Poland"]
[Date "2012.12.09"]
[Round "4.3"]
[White "Cichocki, Konrad"]
[Black "Kroczka, Gromoslaw"]
[Result "1-0"]
[WhiteElo "1979"]
[BlackElo "1638"]
[PlyCount "57"]
[EventDate "2012.11.04"]
[EventType "team-tourn"]
[EventRounds "11"]
[EventCountry "POL"]
[SourceTitle "EXT 2015"]
[Source "ChessBase"]
[SourceDate "2014.11.20"]
[SourceVersion "1"]
[SourceVersionDate "2014.11.20"]
[SourceQuality "1"]
[WhiteTeam "Wloclawek 1938"]
[BlackTeam "Bydgoszcz Hetman"]
[WhiteTeamCountry "POL"]
[BlackTeamCountry "POL"]

1. d4 Nf6 2. Nf3 c5 3. d5 e6 4. c4 exd5 5. cxd5 d6 6. Nc3 g6 7. h3 Bg7 8. e4 0-0 9. Bd3 Re8 10. 0-0 Nbd7 11. Bg5 a6 12. a4 Qc7 13. Qc2 c4 14. Be2 Nc5 15. Nd2 Nb3 16. Ra3 Nxd2 17. Bxd2 Bd7 18. a5 b5 19. axb6 Qxb6 20. Bxc4 Qd4 21. Bd3 a5 22. Ne2 Qb6 23. Be3 Qd8 24. Rfa1 a4 25. Nd4 Rc8 26. Nc6 Bxc6 27. dxc6 Re7 28. Rxa4 d5 29. Ba6 1-0

[Event "POL-chT U19 2nd League"]
[Site "Borowice"]
[Date "2012.07.29"]
[Round "11"]
[White "Snihur, Piotr"]
[Black "Kroczka, Gromoslaw"]
[Result "1-0"]
[WhiteElo "2001"]
[BlackElo "1530"]
[PlyCount "107"]
[EventDate "2012.07.21"]
[EventType "team-swiss"]
[EventRounds "11"]
[EventCountry "POL"]
[SourceTitle "EXT 2014"]
[Source "ChessBase"]
[SourceDate "2013.11.20"]
[SourceVersion "1"]
[SourceVersionDate "2013.11.20"]
[SourceQuality "1"]
[WhiteTeam "Konin UKS Smecz U19"]
[BlackTeam "Bydgoszcz Hetman U19"]
[WhiteTeamCountry "POL"]
[BlackTeamCountry "POL"]

1. e4 c5 2. Nf3 Nc6 3. d4 cxd4 4. Nxd4 Nf6 5. Nc3 e5 6. Ndb5 d6 7. Bg5 a6 8. Na3 b5 9. Nd5 Be7 10. Bxf6 Bxf6 11. c3 0-0 12. Nc2 Bg5 13. a4 bxa4 14. Rxa4 a5 15. Bc4 Rb8 16. b3 Kh8 17. 0-0 f5 18. exf5 Bxf5 19. Nce3 Bg6 20. Qe2 Qd7 21. Rd1 Bd8 22. Ra2 e4 23. Ng4 h5 24. Nge3 Ne5 25. b4 axb4 26. cxb4 Bb6 27. Bb5 Qe6 28. Ra6 Bxe3 29. Nxe3 Nd3 30. Bxd3 exd3 31. Qb2 Rf7 32. Qd4 Qf6 33. Qxf6 gxf6 34. Nd5 Rd8 35. Nf4 Kh7 36. Nxg6 Kxg6 37. Rxd3 Rb8 38. Rd4 d5 39. Rf4 Kg5 40. g3 Kg6 41. Rd6 Rb5 42. Kg2 Kg7 43. Rd4 Rfb7 44. R6xd5 Rxb4 45. Rxb4 Rxb4 46. Rxh5 Kg6 47. Ra5 Rb2 48. g4 Rb4 49. Kg3 Rb3+ 50. f3 Rb6 51. h4 Rc6 52. h5+ Kh6 53. Kf4 Re6 54. Ra7 1-0

[Event "POL-chT U19 2nd League"]
[Site "Borowice"]
[Date "2012.07.21"]
[Round "1"]
[White "Wandzik, Wojciech"]
[Black "Kroczka, Gromoslaw"]
[Result "1-0"]
[WhiteElo "2179"]
[BlackElo "1530"]
[PlyCount "43"]
[EventDate "2012.07.21"]
[EventType "team-swiss"]
[EventRounds "11"]
[EventCountry "POL"]
[SourceTitle "EXT 2014"]
[Source "ChessBase"]
[SourceDate "2013.11.20"]
[SourceVersion "1"]
[SourceVersionDate "2013.11.20"]
[SourceQuality "1"]
[WhiteTeam "Gliwice Politechnika Slaska U19"]
[BlackTeam "Bydgoszcz Hetman U19"]
[WhiteTeamCountry "POL"]
[BlackTeamCountry "POL"]

1. e4 c5 2. Nf3 Nc6 3. Bb5 d6 4. 0-0 Bd7 5. Re1 e6 6. c3 Nf6 7. d4 Be7 8. a4 0-0 9. Nbd2 a6 10. Bd3 b5 11. axb5 axb5 12. Rxa8 Qxa8 13. dxc5 dxc5 14. Bxb5 Rb8 15. Bd3 Rd8 16. Qe2 Bc8 17. e5 Nd5 18. Ne4 Bb7 19. h4 Qb8 20. Neg5 h6 21. Qe4 g6 22. Nxf7 1-0

[Event "Gdansk op 13th"]
[Site "Gdansk"]
[Date "2011.07.17"]
[Round "1"]
[White "Kroczka, Gromoslaw"]
[Black "Grabarczyk, Miroslaw"]
[Result "0-1"]
[WhiteElo "1499"]
[BlackElo "2459"]
[PlyCount "110"]
[EventDate "2011.07.17"]
[EventType "swiss"]
[EventRounds "9"]
[EventCountry "POL"]
[SourceTitle "CBM 143 Extra"]
[Source "ChessBase"]
[SourceDate "2011.08.29"]
[SourceVersion "1"]
[SourceVersionDate "2011.08.29"]
[SourceQuality "1"]

1. e4 e5 2. Nf3 Nc6 3. Bc4 Bc5 4. Nc3 Nf6 5. d3 0-0 6. Bg5 Be7 7. Qd2 d6 8. 0-0-0 Bg4 9. h3 Bxf3 10. gxf3 Nd4 11. f4 Nh5 12. Bxe7 Qxe7 13. Nd5 Qd8 14. c3 Ne6 15. f5 Nef4 16. Nxf4 Nxf4 17. d4 Qf6 18. h4 Rad8 19. f3 a6 20. h5 b5 21. Bb3 c5 22. d5 a5 23. a4 Rb8 24. axb5 Rxb5 25. Ba4 Rb6 26. c4 Rb4 27. b3 Rfb8 28. Kc2 Qd8 29. Rb1 h6 30. Qf2 Kh7 31. Qd2 Qg5 32. Rbg1 Qf6 33. Qh2 Qe7 34. Qg3 Rg8 35. Qh2 Qd8 36. Qd2 Qf6 37. Qh2 Rb7 38. Bc6 Rb4 39. Ba4 Qd8 40. Qd2 Qb6 41. Qe3 Rb8 42. Rb1 Qa6 43. Kc3 R8b6 44. Qd2 Qb7 45. Kc2 Qb8 46. Qe3 Qd8 47. Qd2 Rb8 48. Rbg1 Rxa4 49. bxa4 Rb4 50. Rb1 Rxc4+ 51. Kb3 Rd4 52. Qf2 Qd7 53. Ra1 Qb7+ 54. Kc2 Rc4+ 55. Kd1 Qb3+ 0-1